<?xml version="1.0" encoding="UTF-8"?>
<record
    xmlns:xsi="http://www.w3.org/2001/XMLSchema-instance"
    xsi:schemaLocation="http://www.loc.gov/MARC21/slim http://www.loc.gov/standards/marcxml/schema/MARC21slim.xsd"
    xmlns="http://www.loc.gov/MARC21/slim">

  <leader>01152nam1a22002891i 4500</leader>
  <controlfield tag="001">v19\rc\1491204</controlfield>
  <controlfield tag="005">20260406132823.0</controlfield>
  <datafield tag="035" ind1=" " ind2=" ">
    <subfield code="a">(NLR Aleph) 005213987</subfield>
  </datafield>
  <datafield tag="090" ind1=" " ind2=" ">
    <subfield code="a">5437887</subfield>
    <subfield code="c">5437887</subfield>
  </datafield>
  <datafield tag="100" ind1=" " ind2=" ">
    <subfield code="a">20060620g18801889|||y0rusy50      ca</subfield>
  </datafield>
  <datafield tag="101" ind1="1" ind2=" ">
    <subfield code="a">rus</subfield>
    <subfield code="c">eng</subfield>
  </datafield>
  <datafield tag="102" ind1=" " ind2=" ">
    <subfield code="a">RU</subfield>
  </datafield>
  <datafield tag="105" ind1=" " ind2=" ">
    <subfield code="a">    z   |||a|</subfield>
  </datafield>
  <datafield tag="200" ind1="1" ind2=" ">
    <subfield code="a">&#x414;&#x440;&#x430;&#x43C;&#x430;&#x442;&#x438;&#x447;&#x435;&#x441;&#x43A;&#x438;&#x435; &#x43F;&#x440;&#x43E;&#x438;&#x437;&#x432;&#x435;&#x434;&#x435;&#x43D;&#x438;&#x44F; &#x412;&#x438;&#x43B;&#x44C;&#x44F;&#x43C;&#x430; &#x428;&#x435;&#x43A;&#x441;&#x43F;&#x438;&#x440;&#x430;</subfield>
    <subfield code="e">&#x412;&#x44B;&#x43F;. 1-7</subfield>
  </datafield>
  <datafield tag="210" ind1=" " ind2=" ">
    <subfield code="a">&#x41C;&#x43E;&#x441;&#x43A;&#x432;&#x430;</subfield>
    <subfield code="c">&#x440;&#x435;&#x434;. "&#x413;&#x430;&#x437;. &#x410;. &#x413;&#x430;&#x442;&#x446;&#x443;&#x43A;&#x430;"</subfield>
    <subfield code="d">1880-1889</subfield>
  </datafield>
  <datafield tag="215" ind1=" " ind2=" ">
    <subfield code="a">6 &#x442;.</subfield>
    <subfield code="d">31</subfield>
  </datafield>
  <datafield tag="300" ind1=" " ind2=" ">
    <subfield code="a">&#x412; &#x432;&#x44B;&#x43F;. 2 &#x438; 3 &#x43E;&#x431;&#x449;. &#x437;&#x430;&#x433;&#x43B;. &#x43E;&#x442;&#x441;&#x443;&#x442;&#x441;&#x442;&#x432;&#x443;&#x435;&#x442;; &#x432; &#x432;&#x44B;&#x43F;. 6, 7: &#x414;&#x440;&#x430;&#x43C;&#x44B; &#x428;&#x435;&#x43A;&#x441;&#x43F;&#x438;&#x440;&#x430;</subfield>
  </datafield>
  <datafield tag="311" ind1=" " ind2=" ">
    <subfield code="a">&#x41F;&#x440;&#x438;&#x43B;. &#x43A; "&#x413;&#x430;&#x437;. &#x410;. &#x413;&#x430;&#x442;&#x446;&#x443;&#x43A;&#x430;"</subfield>
  </datafield>
  <datafield tag="422" ind1=" " ind2="0">
    <subfield code="1">2001#$a&#x413;&#x430;&#x437;&#x435;&#x442;&#x430; &#x410;. &#x413;&#x430;&#x442;&#x446;&#x443;&#x43A;&#x430;</subfield>
    <subfield code="t">&#x413;&#x430;&#x437;&#x435;&#x442;&#x430; &#x410;. &#x413;&#x430;&#x442;&#x446;&#x443;&#x43A;&#x430;</subfield>
  </datafield>
  <datafield tag="700" ind1=" " ind2="1">
    <subfield code="8">rus</subfield>
    <subfield code="7">ca</subfield>
    <subfield code="a">&#x428;&#x435;&#x43A;&#x441;&#x43F;&#x438;&#x440;</subfield>
    <subfield code="b">&#x423;.</subfield>
    <subfield code="f">1564-1616</subfield>
    <subfield code="g">&#x423;&#x438;&#x43B;&#x44C;&#x44F;&#x43C;</subfield>
    <subfield code="3">RU\NLR\AUTH\771995</subfield>
    <subfield code="9">112012</subfield>
  </datafield>
  <datafield tag="801" ind1=" " ind2="0">
    <subfield code="a">RU</subfield>
    <subfield code="b">NLR</subfield>
    <subfield code="c">20060620</subfield>
    <subfield code="g">psbo</subfield>
  </datafield>
  <datafield tag="801" ind1=" " ind2="0">
    <subfield code="a">RU</subfield>
    <subfield code="b">RuMoRGB</subfield>
    <subfield code="c">20060620</subfield>
    <subfield code="2">psbo</subfield>
  </datafield>
  <datafield tag="801" ind1=" " ind2="1">
    <subfield code="a">RU</subfield>
    <subfield code="b">ProSoft-M</subfield>
    <subfield code="c">20060620</subfield>
    <subfield code="2">rusmarc</subfield>
  </datafield>
  <datafield tag="801" ind1=" " ind2="2">
    <subfield code="a">RU</subfield>
    <subfield code="b">NLR</subfield>
    <subfield code="c">20070213</subfield>
    <subfield code="2">rusmarc</subfield>
  </datafield>
  <datafield tag="852" ind1=" " ind2=" ">
    <subfield code="a">NLR</subfield>
    <subfield code="j">34.89.1.5(1, 2, 3, 5)</subfield>
  </datafield>
  <datafield tag="852" ind1=" " ind2=" ">
    <subfield code="a">NLR</subfield>
    <subfield code="j">18.103.1.136(1-2, 4-5, 7)</subfield>
  </datafield>
  <datafield tag="942" ind1=" " ind2=" ">
    <subfield code="c">BOOK</subfield>
  </datafield>
</record>
